000 02024nam a2200265 a 4500
001 BRCA_8766
005 20190320210411.0
008 290317s1773----sp-#######---#000-0#spa-#
041 _aspa
044 _asp
084 _aBE128
_b.J85 1773
100 1 _aJulian y Carrera, Blas
_921830
245 1 0 _aSermones sobre varios asuntos
_btomo tercero
_cescritos en francés y traducidos en castellanos por Don Blas Julián y Carrera, Abad de Leorin, y Revisor General de Librerias por el Consejo de la Suprema y General Inquisición.
260 _aMadrid
_bEn la Oficina de Pantaleón Aznar, Carrera de San Geronymo
_c1773
300 _a[2], 300 p. (t.3)
_c20.5 x 15.3 cm.
500 _aCon las licencias necesarias
500 _aEn portada: A costa de la Real Compañía de Impresores, y Libreros del Reyno
500 _aCon marca de fuego: “Procedencia de la marca: Convento de San Francisco Santa María del Pueblito de Querétaro(1). Institución: Orden de Frailes Menores. Provincia de San Pedro y San Pablo de Michoacán. Descripción: Monograma conformado por las iniciales “P”, “u”, “E” seguidas de “b”, “I”, “T” y “o” que se desata como Pueblito(2) dentro de un filete en forma de rombo. Observaciones: Krausse la incluye entre las marcas no identificadas. David Saavedra la identifica como del Convento Franciscano de Santa María del Pueblito, Villa Corregidora de Querétaro. Con el testimonio de pertenencia ubicado en este ejemplar se corrobora la atribución realizada por David Saavedra. Ubicación de la marca en el libro: Canto superior, inferior y lateral”
500 _aEstado físico: presenta encuadernación en pergamino, con cintas
505 0 _acontenido: Mysterios de N.tro S.r
650 1 4 _aSermones franceses
_yObras anteriores a 1800
_921831
856 _ahttp://www.marcasdefuego.buap.mx:8180/xmLibris/projects/firebrand/item.jsp?repository=marcas_de_fuego&key=marcas_de_fuego_franciscanas_20150618135223_2ccc.xml&num=124
902 _aCFM
942 _2lcc
_cB
999 _c8417
_d8417